000 00574nam a22001817a 4500
008 130821s1931 fr gr fre
040 _aCo-BoUCM
_bspa
041 0 0 _afre
100 _aBaudelaire, Charles
_d1821-1867
_978470
245 0 0 _aOeuvres de Baudelaire
_cCharles de Baudelaire
260 _aParís (Francia)
_bLa Pleiade
_c1931
300 _a2 volúmenes
500 _aIncluye índices
650 0 4 _aLiteratura francesa
_97794
650 0 4 _aNovela francesa
_920506
942 _cLIBRO
_a18
_e1
_mB337O
_n0
_2DEWEY
_h843.8
999 _c87139
_d87139